LEADER 03776nam 2200709Ia 450 001 9910450087803321 005 20210618022446.0 010 $a1-282-76321-0 010 $a9786612763212 010 $a1-4237-1729-5 010 $a0-520-93864-X 010 $a1-59875-582-X 024 7 $a10.1525/9780520938649 035 $a(CKB)1000000000030663 035 $a(EBL)236961 035 $a(OCoLC)614771738 035 $a(SSID)ssj0000107568 035 $a(PQKBManifestationID)11124968 035 $a(PQKBTitleCode)TC0000107568 035 $a(PQKBWorkID)10012779 035 $a(PQKB)11536500 035 $a(MiAaPQ)EBC236961 035 $a(DE-B1597)518854 035 $a(OCoLC)61160241 035 $a(DE-B1597)9780520938649 035 $a(Au-PeEL)EBL236961 035 $a(CaPaEBR)ebr10084597 035 $a(CaONFJC)MIL276321 035 $a(EXLCZ)991000000000030663 100 $a20041208d2005 uy 0 101 0 $aeng 135 $aurnn#---|u||u 181 $ctxt 182 $cc 183 $acr 200 10$aAudiotopia$b[electronic resource] $emusic, race, and America /$fJosh Kun 210 $aBerkeley, Calif. $cUniversity of California Press$d2005 215 $a1 online resource (321 p.) 225 0 $aAmerican Crossroads ;$v18 300 $aDescription based upon print version of record. 311 0 $a0-520-24424-9 311 0 $a0-520-22510-4 320 $aIncludes bibliographical references and index. 327 $tFront matter --$tContents --$tAcknowledgments --$tIntroduction: Strangers among Sounds --$tOne. Against Easy Listening --$tTwo. The Yiddish Are Coming --$tThree. Life According to the Beat --$tFour. Basquiat's Ear, Rahsaan's Eye --$tFive. I,Too, Sing América --$tSix. Rock's Reconquista --$tConclusion: La Misma Canción --$tNotes --$tBibliography --$tDiscography --$tIndex 330 $aRanging from Los Angeles to Havana to the Bronx to the U.S.-Mexico border and from klezmer to hip hop to Latin rock, this groundbreaking book injects popular music into contemporary debates over American identity. Josh Kun insists that America is not a single chorus of many voices folded into one, but rather various republics of sound that represent multiple stories of racial and ethnic difference. To this end he covers a range of music and listeners to evoke the ways that popular sounds have expanded our idea of American culture and American identity. Artists as diverse as The Weavers, Café Tacuba, Mickey Katz, Rahsaan Roland Kirk, Bessie Smith, and Ozomatli reveal that the song of America is endlessly hybrid, heterogeneous, and enriching-a source of comfort and strength for populations who have been taught that their lives do not matter. Kun melds studies of individual musicians with studies of painters such as Jean-Michel Basquiat and of writers such as Walt Whitman, James Baldwin, and Langston Hughes. There is no history of race in the Americas that is not a history of popular music, Kun claims. Inviting readers to listen closely and critically, Audiotopia forges a new understanding of sound that will stoke debates about music, race, identity, and culture for many years to come. 410 0$aAmerican Crossroads 606 $aPopular music$zUnited States$xHistory and criticism 606 $aMusic$xSocial aspects$zUnited States 606 $aMulticulturalism$zUnited States 608 $aElectronic books. 615 0$aPopular music$xHistory and criticism. 615 0$aMusic$xSocial aspects 615 0$aMulticulturalism 676 $a782.42164/0973/0904 700 $aKun$b Josh$01045599 801 0$bMiAaPQ 801 1$bMiAaPQ 801 2$bMiAaPQ 906 $aBOOK 912 $a9910450087803321 996 $aAudiotopia$92485088 997 $aUNINA LEADER 03017oam 22007573n 450 001 9910495905003321 005 20230720215843.0 010 $a2-8218-4582-0 024 7 $a10.4000/books.ifea.4887 035 $a(CKB)4340000000013437 035 $a(FrMaCLE)OB-ifea-4887 035 $a(PPN)189309679 035 $a(oapen)doab101005 035 $a(EXLCZ)994340000000013437 100 $a20150602j2005|||| ||| 0 101 0 $aspa 135 $auu||||||m|||| 181 $ctxt$2rdacontent 182 $cc$2rdamedia 183 $acr$2rdacarrier 200 03$aEl espejismo del mestizaje /$fJavier Sanjinés C 210 $aLa Paz$cInstitut français d'études andines$d2005 210 1$aLa Paz :$cInstitut français d?études andines,$d2015. 215 $a1 online resource (xv, 222 pages) 225 1 $aTravaux de l'IFEA 311 08$a99905-68-84-7 330 $aEl espejismo del mestizaje estudia la tensión irresuelta que genera el pensamiento que se ubica en la línea divisoria entre la modernidad, identificada con el desarrollo europeo, y la colonialidad, término con el que se revelan y denuncian los excesos y las limitaciones de la modernidad. Por ello, El espejismo del mestizaje afirma que no hay modernidad sin colonialidad, siendo esta última no sólo constitutiva de la primera, sino el lugar de enunciación que revela sus miserias y sus limitaciones. Este libro está sostenido por investigaciones que, al ser todavía poco conocidas por la academia angloparlante, constituyen, sin embargo, una novedosa perspectiva para repensar Latinoamérica. Aún más, El espejismo del mestizaje, que cuestiona la universalidad de las ciencias sociales y humanas, interviene decisivamente en la discursividad propia de las ciencias modernas, y, así configura otro espacio de producción de conocimientos que, de acuerdo con Walter Mignolo, es la construcción de un ?paradigma otro?, una forma distinta de pensamiento que se atreve a ver el mundo ?de otro modo?. 606 $aEthnic Studies 606 $amétissage 606 $aBolivie 606 $aXXe siècle 606 $aart 606 $apolitique 606 $aculture 606 $aarte 606 $aBolivia 606 $acultura 606 $amestizaje 606 $apolítica 606 $asiglo XX 610 $aarte 610 $aBolivia 610 $acultura 610 $amestizaje 610 $apolítica 610 $asiglo XX 615 4$aEthnic Studies 615 4$amétissage 615 4$aBolivie 615 4$aXXe siècle 615 4$aart 615 4$apolitique 615 4$aculture 615 4$aarte 615 4$aBolivia 615 4$acultura 615 4$amestizaje 615 4$apolítica 615 4$asiglo XX 700 $aSanjinés C$b Javier$0747412 701 $aBeverley$b John$0387379 801 0$bFR-FrMaCLE 906 $aBOOK 912 $a9910495905003321 996 $aEl espejismo del mestizaje$93399700 997 $aUNINA